000 00446nam a22001697a 4500
003 NUST - PNEC
005 20170116181154.0
008 160111b xxu||||| |||| 00| 0 eng d
020 _a-
040 _cLIBRARY
082 _a891.4391 ZUL
100 _915788
_aZulfi, Ahmed Iqbal
245 _aEhsas (Shayari Majmua)
_cZulfiqar, Ahmed Iqbal Zulfi
260 _aLahore:
_cc1991.
650 _915791
_aUrdu Literature
_xGeneral
942 _2ddc
_cBK
999 _c71136
_d71136